000 00612nam a22001697a 4500
999 _c14893
_d14893
008 200130b ||||| |||| 00| 0 eng d
082 _22014
_aUT 1430
_bSo69
100 _aSoronio, Irish Mae C.
_941366
245 _aSTS (Student Traking System)/
_cIrish Mae C. Soronio, Esyl Nie C. Solosod & Cindy B. Nero
260 _aDigos City
_bUMDC
_cMarch 2014
300 _a46 pages
_b30cm
650 _aTechnical Education
_vInformation Technology
_xUNdergraduate Thesis
_941335
700 _aSoronio, Irish Mae C.
_941367
700 _aSolosod,Esyl Nie C.
_941368
700 _aNero,Cindy B.
_941369
942 _2ddc
_cUT